000 00933nam a2200217 a 4500
001 000302746
003 AM-YeHGA
005 20250618071940.0
008 040123s1986 ai o||||r|||||||||1|arm|d
040 _aAM-YeHGA
041 0 _aarm
100 1 _aՍիրունյան, Ղուկաս Տիգրանի,
_d1949-2017
_92416
245 1 0 _aՃանապարհորդ դեղձենին :
_b[Մանկական բանաստեղծություններ] /
_cՂ. Սիրունյան ; Խմբ.՝ Ս. Գաբրիելյան ; Նկ.՝ Խ. Հակոբյան.
260 _aԵրևան :
_bՍովետական գրող,
_c1986.
300 _a48 էջ :
_bգունանկ. ;
_c21 սմ.
650 1 4 _aՀայ մանկական գրականություն
_xԲանաստեղծություն
700 1 _aԳաբրիելյան, Ս.Թ.
_eխմբ.
_4edt
700 1 _aՀակոբյան, Խորեն Զավենի,
_d1945-
_eնկ.
_4art
_93428
942 _2udc
_cBK
090 _c112858
999 _c111521
_d111521